[Event "Clusane op 1st"]
[Site "Clusane"]
[Date "2024.03.02"]
[Round "4"]
[White "Casadio, Niccolo"]
[Black "Peloni, Davide"]
[Result "1/2-1/2"]
[WhiteElo "2110"]
[BlackElo "1980"]
[PlyCount "60"]
[EventDate "2024.02.29"]
[EventType "swiss"]
[EventRounds "7"]
[EventCountry "ITA"]
[SourceTitle "CB11_2024"]
[SourceDate "2024.03.13"]
[SourceVersion "1"]
[SourceVersionDate "2024.03.13"]
[SourceQuality "1"]

1. d4 Nf6 2. Bf4 g6 3. Nc3 Nh5 4. Bg5 h6 5. Bh4 Bg7 6. e4 c5 7. d5 Qa5 8. Qd2 Qb4 9. Nge2 g5 10. Bg3 Qxb2 11. Rb1 Qa3 12. Rb3 Qa5 13. Rb5 Qd8 14. Rxc5 Nxg3 15. hxg3 d6 16. Rc4 Bd7 17. f4 b5 18. Rb4 Na6 19. Rxb5 Bxb5 20. Nxb5 Nc5 21. Ned4 Nxe4 22. Qe3 Qa5+ 23. c3 Nxc3 24. Nxc3 Rc8 25. Bb5+ Kf8 26. Bc6 Qb6 27. Ncb5 Qa5+ 28. Nc3 Qb6 29. Ncb5 Qa5+ 30. Nc3 Qb6 1/2-1/2

[Event "Wch U20 Rapid"]
[Site "Pula"]
[Date "2023.10.12"]
[Round "8"]
[White "Casadio, Niccolo"]
[Black "Pasti, Aron"]
[Result "0-1"]
[WhiteElo "2082"]
[BlackElo "2394"]
[PlyCount "148"]
[EventDate "2023.10.10"]
[EventType "swiss (rapid)"]
[EventRounds "11"]
[EventCountry "ITA"]
[SourceTitle "Mega2024 Update 01"]
[Source "Chessbase"]
[SourceDate "2023.11.12"]
[SourceVersion "1"]
[SourceVersionDate "2023.11.12"]
[SourceQuality "1"]

1. e4 e5 2. Nf3 Nc6 3. Bb5 a6 4. Ba4 b5 5. Bb3 Na5 6. 0-0 d6 7. d4 exd4 8. Re1 Nxb3 9. axb3 Be7 10. Nxd4 Bb7 11. Nc3 Nf6 12. Nf5 0-0 13. Qf3 Nd7 14. Qg3 g6 15. Bh6 Re8 16. Nxe7+ Qxe7 17. Rad1 b4 18. Na2 a5 19. c3 Nc5 20. f3 bxc3 21. Nxc3 Nxb3 22. f4 Nc5 23. e5 Qd7 24. Qh4 Re6 25. f5 gxf5 26. Re3 Rg6 27. Rg3 Qe6 28. exd6 cxd6 29. Nb5 Qe2 30. Nc3 Qxb2 31. Rxd6 Re8 32. Rd8 Qa1+ 33. Nd1 Qe5 34. Re3 Ne4 35. Bf4 Qe6 36. Red3 Nf6 37. Ne3 Rxd8 38. Rxd8+ Kg7 39. Bh6+ Rxh6 40. Qg5+ Rg6 41. Nxf5+ Qxf5 42. Qxf5 Bxg2 43. Kf2 Be4 44. Qc5 Rg2+ 45. Ke3 a4 46. Qd4 Rxh2 47. Rd6 Rh3+ 48. Kf2 Rh6 49. Ke3 Bf5 50. Rd8 a3 51. Qa4 Be6 52. Ke2 a2 53. Rd3 Rh2+ 54. Kf3 Rh3+ 55. Ke2 Bc4 56. Qxc4 a1Q 57. Rxh3 Qb2+ 58. Kf1 Qb1+ 59. Kg2 Qb2+ 60. Kg1 Qe5 61. Kg2 h5 62. Rg3+ Ng4 63. Rxg4+ hxg4 64. Qxg4+ Kf6 65. Qf3+ Qf5 66. Qc6+ Kg5 67. Qc1+ Kh5 68. Qc3 Kg5 69. Qe3+ Qf4 70. Qc5+ Kh4 71. Qe7+ Qg5+ 72. Qxg5+ Kxg5 73. Kf3 Kf5 74. Kg3 Ke4 0-1

[Event "Wch U20 Rapid"]
[Site "Pula"]
[Date "2023.10.10"]
[Round "2"]
[White "Casadio, Niccolo"]
[Black "Krassel, Timofei"]
[Result "1-0"]
[WhiteElo "2082"]
[BlackElo "2038"]
[PlyCount "69"]
[EventDate "2023.10.10"]
[EventType "swiss (rapid)"]
[EventRounds "11"]
[EventCountry "ITA"]
[SourceTitle "Mega2024 Update 01"]
[Source "Chessbase"]
[SourceDate "2023.11.12"]
[SourceVersion "1"]
[SourceVersionDate "2023.11.12"]
[SourceQuality "1"]

1. e4 e6 2. d4 d5 3. Nc3 Bb4 4. e5 c5 5. a3 Bxc3+ 6. bxc3 Nc6 7. Qg4 g6 8. Nf3 Qa5 9. Bd2 c4 10. h4 h6 11. Be2 Bd7 12. Qf4 Rh7 13. 0-0 0-0-0 14. a4 Rf8 15. Rfb1 f6 16. exf6 Nxf6 17. Ne5 Ne7 18. Nxd7 Nxd7 19. Qd6 Nf5 20. Qh2 Qd8 21. Bg4 Rhf7 22. Bxf5 Rxf5 23. Be3 Nf6 24. Rb5 Ng4 25. Qh3 h5 26. Rab1 R8f7 27. Qg3 Qc7 28. Rc5 Qxc5 29. dxc5 e5 30. a5 a6 31. Rb6 R7f6 32. Rxf6 Rxf6 33. c6 bxc6 34. Bb6 c5 35. f3 1-0

[Event "ITA-ch U20"]
[Site "Tarvisio"]
[Date "2023.07.06"]
[Round "6"]
[White "Casadio, Niccolo"]
[Black "Disanti, Nicola"]
[Result "1-0"]
[WhiteElo "2100"]
[BlackElo "1773"]
[PlyCount "147"]
[EventDate "2023.07.02"]
[EventType "swiss"]
[EventRounds "9"]
[EventCountry "ITA"]
[SourceTitle "EXT 2024"]
[Source "ChessBase"]
[SourceDate "2023.10.10"]
[SourceVersion "1"]
[SourceVersionDate "2023.10.10"]
[SourceQuality "1"]

1. e4 e5 2. Nf3 Nc6 3. Bc4 Bc5 4. 0-0 Nf6 5. d4 Bxd4 6. Nxd4 Nxd4 7. Bg5 d6 8. f4 Bg4 9. Bxf6 Bxd1 10. Bxd8 Rxd8 11. c3 Be2 12. cxd4 Bxc4 13. Rc1 Bd3 14. Rxc7 Rd7 15. Rc8+ Rd8 16. Rxd8+ Kxd8 17. dxe5 Bxb1 18. Rxb1 dxe5 19. fxe5 Ke7 20. Rc1 Rd8 21. Rc2 Rd7 22. Kf2 Ke6 23. Ke3 Kxe5 24. Rc8 Ke6 25. Rh8 h6 26. Rg8 Kf6 27. h4 Rc7 28. Rb8 b6 29. Ra8 Rc2 30. Rxa7 Rxb2 31. g3 Rb5 32. a4 Rb3+ 33. Kf4 g5+ 34. Kg4 Re3 35. Ra6 Rxe4+ 36. Kh5 Kg7 37. hxg5 hxg5 38. Kxg5 Re6 39. g4 Re5+ 40. Kf4 Re6 41. Ra8 Kf6 42. Rg8 Re1 43. g5+ Ke7 44. Rb8 Re6 45. Kf5 Kd7 46. Ra8 Ke7 47. Rc8 Kd7 48. Rc4 Rg6 49. Rh4 Rc6 50. Rh6 Rc4 51. Rh7 Ke8 52. Rh8+ Ke7 53. Ra8 Rc6 54. Rb8 Rc4 55. Ra8 Rc6 56. Ra6 Re6 57. Kf4 Kd7 58. Kg4 Ke7 59. Kf5 Rc6 60. Kg4 Re6 61. Kh5 Kf8 62. Ra8+ Kg7 63. Kg4 Kh7 64. Kf5 Kg7 65. Rc8 Kh7 66. Rc7 Kg7 67. Rc4 Kh7 68. Rh4+ Kg7 69. Rh6 Rxh6 70. gxh6+ Kxh6 71. Kf6 Kh7 72. Kxf7 Kh8 73. Ke7 Kg8 74. Kd7 1-0